<?xml version="1.0" encoding="UTF-8"?>
<record
    xmlns:xsi="http://www.w3.org/2001/XMLSchema-instance"
    xsi:schemaLocation="http://www.loc.gov/MARC21/slim http://www.loc.gov/standards/marcxml/schema/MARC21slim.xsd"
    xmlns="http://www.loc.gov/MARC21/slim">

  <leader>00971cam a22002898i 4500</leader>
  <controlfield tag="001">.b34344044</controlfield>
  <controlfield tag="003">yeezen</controlfield>
  <controlfield tag="005">20250701141558.0</controlfield>
  <controlfield tag="008">200115s2020    ch a     b    000 0 chi d</controlfield>
  <datafield tag="020" ind1=" " ind2=" ">
    <subfield code="a">9789865452148</subfield>
    <subfield code="q">(&#x7CBE;&#x88DD;)</subfield>
  </datafield>
  <datafield tag="040" ind1=" " ind2=" ">
    <subfield code="a">CIP</subfield>
    <subfield code="b">chi</subfield>
    <subfield code="c">CIP</subfield>
    <subfield code="d">CKT</subfield>
  </datafield>
  <datafield tag="041" ind1="0" ind2=" ">
    <subfield code="a">chi</subfield>
  </datafield>
  <datafield tag="042" ind1=" " ind2=" ">
    <subfield code="a">nbic</subfield>
  </datafield>
  <datafield tag="090" ind1=" " ind2=" ">
    <subfield code="a">415.2168</subfield>
  </datafield>
  <datafield tag="245" ind1="0" ind2="0">
    <subfield code="a">&#x6574;&#x5408;&#x91AB;&#x5B78;&#x5373;&#x6642;&#x8D85;&#x97F3;&#x6CE2;&#x5165;&#x9580; =</subfield>
    <subfield code="b">Point-of-care ultrasound in hospital medicine : a quickstart guide /</subfield>
    <subfield code="c">&#x4F59;&#x5FE0;&#x4EC1;, &#x8A31;&#x752F;&#x5091;&#x4E3B;&#x7DE8;</subfield>
  </datafield>
  <datafield tag="246" ind1="3" ind2="1">
    <subfield code="a">Point-of-care ultrasound in hospital medicine : a quickstart guide.</subfield>
  </datafield>
  <datafield tag="250" ind1=" " ind2=" ">
    <subfield code="a">&#x521D;&#x7248;</subfield>
  </datafield>
  <datafield tag="260" ind1=" " ind2=" ">
    <subfield code="a">&#x81FA;&#x5317;&#x5E02; :</subfield>
    <subfield code="b">&#x81FA;&#x5927;&#x91AB;&#x5B78;&#x9662;&#x51FA;&#x7248; ;</subfield>
    <subfield code="a">&#x65B0;&#x5317;&#x5E02; :</subfield>
    <subfield code="b">&#x91D1;&#x540D;&#x5716;&#x66F8;&#x7E3D;&#x7D93;&#x92B7;,</subfield>
    <subfield code="c">2020.02</subfield>
  </datafield>
  <datafield tag="300" ind1=" " ind2=" ">
    <subfield code="a">224&#x9762; :</subfield>
    <subfield code="b">&#x90E8;&#x4EFD;&#x5F69;&#x5716;, &#x8868;, &#x647A;&#x8868; ;</subfield>
    <subfield code="c">19&#x516C;&#x5206;</subfield>
  </datafield>
  <datafield tag="490" ind1="1" ind2=" ">
    <subfield code="a">&#x91AB;&#x5B78;&#x79D1;&#x5B78;&#x53E2;&#x66F8; ;</subfield>
    <subfield code="v">35.</subfield>
  </datafield>
  <datafield tag="504" ind1=" " ind2=" ">
    <subfield code="a">&#x542B;&#x53C3;&#x8003;&#x66F8;&#x76EE;</subfield>
  </datafield>
  <datafield tag="650" ind1=" " ind2="7">
    <subfield code="a">&#x8D85;&#x97F3;&#x6CE2;&#x5B78;</subfield>
    <subfield code="2">lcstt.</subfield>
  </datafield>
  <datafield tag="700" ind1="1" ind2=" ">
    <subfield code="a">&#x4F59;&#x5FE0;&#x4EC1;</subfield>
  </datafield>
  <datafield tag="700" ind1="1" ind2=" ">
    <subfield code="a">&#x8A31;&#x752F;&#x5091;</subfield>
  </datafield>
  <datafield tag="830" ind1=" " ind2="0">
    <subfield code="a">&#x91AB;&#x5B78;&#x79D1;&#x5B78;&#x53E2;&#x66F8; ;</subfield>
    <subfield code="v">35.</subfield>
  </datafield>
  <datafield tag="942" ind1=" " ind2=" ">
    <subfield code="2">ccl</subfield>
    <subfield code="c">LNTERM</subfield>
  </datafield>
  <datafield tag="999" ind1=" " ind2=" ">
    <subfield code="c">7640</subfield>
    <subfield code="d">7640</subfield>
  </datafield>
  <datafield tag="952" ind1=" " ind2=" ">
    <subfield code="0">0</subfield>
    <subfield code="1">0</subfield>
    <subfield code="2">ccl</subfield>
    <subfield code="4">0</subfield>
    <subfield code="7">0</subfield>
    <subfield code="a">yeezen</subfield>
    <subfield code="b">yeezen</subfield>
    <subfield code="c">N016</subfield>
    <subfield code="d">2025-07-01</subfield>
    <subfield code="l">4</subfield>
    <subfield code="m">1</subfield>
    <subfield code="o">415.2168</subfield>
    <subfield code="p">C03229</subfield>
    <subfield code="q">2026-06-30</subfield>
    <subfield code="r">2026-01-02 00:00:00</subfield>
    <subfield code="s">2026-01-02</subfield>
    <subfield code="w">2025-07-01</subfield>
    <subfield code="y">LNTERM</subfield>
  </datafield>
</record>
